[Event "IV Festival Internacional DUCHAMP in RIO Master - 7 a 14 dezembro - 15.000 USD"]
[Site "Hotel South American, Copacabana , Rio de Janeiro, RJ"]
[Date "2022.12.09"]
[Round "3"]
[Board "25"]
[White "Nunes, Agatha Hurba"]
[Black "Soares, Joao Carlos T. C."]
[Result "0-1"]
[WhiteElo "1820"]
[BlackElo "2090"]
[PlyCount "90"]
[EventDate "2022.12.07"]
[EventRounds "9"]
[EventCountry "BRA"]

1. d4 Nf6 2. c4 e6 3. Nc3 Bb4 4. e3 O-O 5. Bd3 d5 6. cxd5 exd5 7. Nge2 Re8 8. O-O
Bd6 9. f3 c5 10. Nb5 c4 11. Nxd6 Qxd6 12. Bc2 b5 13. a3 Nc6 14. Qe1 Bb7 15. Qh4 Ne7
16. Bd2 Ng6 17. Qf2 a5 18. Ng3 Qc7 19. Rfe1 Qb6 20. Nf5 Rad8 21. g4 h6 22. h4 Nh7
23. Qg3 Ne7 24. Kf2 Nf8 25. h5 Ne6 26. Rg1 b4 27. axb4 axb4 28. Ra4 c3 29. bxc3 bxc3
30. Bc1 Ng5 31. Ba3 Nxf5 32. gxf5 Ra8 33. Rb4 Qc6 34. f4 Rxa3 35. fxg5 Ra2 36. gxh6
Rxc2+ 37. Kf3 Qxh6 38. Qf4 Qxh5+ 39. Qg4 Qxg4+ 40. Rxg4 Bc8 41. Rg5 Rc1 42. f6 g6
43. Ke2 Ba6+ 44. Kf2 Rf1+ 45. Kg2 c2  0-1

[Event "IV Festival Internacional DUCHAMP in RIO Master - 7 a 14 dezembro - 15.000 USD"]
[Site "Hotel South American, Copacabana , Rio de Janeiro, RJ"]
[Date "2022.12.09"]
[Round "3"]
[Board "26"]
[White "Silva, Caio Henrique Angelico"]
[Black "Brito, Vicente De Paulo Alencar"]
[Result "1-0"]
[WhiteElo "2090"]
[BlackElo "1794"]
[PlyCount "93"]
[EventDate "2022.12.07"]
[EventRounds "9"]
[EventCountry "BRA"]

1. d4 Nf6 2. Nf3 g6 3. g3 Bg7 4. Bg2 O-O 5. O-O d6 6. c4 Nbd7 7. Nc3 e5 8. e4 c6
9. h3 Re8 10. Be3 Qe7 11. Qc2 exd4 12. Nxd4 Nc5 13. Rfe1 a5 14. Rad1 a4 15. b4 axb3
16. axb3 Nfd7 17. b4 Ne6 18. f4 Ra3 19. Nb3 Qf6 20. Nb1 Ra8 21. Rxd6 Bf8 22. e5 Qf5
23. Qd1 Ra2 24. Rd2 Rxd2 25. Qxd2 Nc7 26. Nd4 Qh5 27. c5 Nd5 28. g4 Qh4 29. Nf3 Qe7
30. Ng5 Nxe3 31. Rxe3 Nb8 32. Ne4 b6 33. Nf6+ Kg7 34. Nxe8+ Qxe8 35. cxb6 c5 36.
b7 Be6 37. Rd3 cxb4 38. Rd8 Qa4 39. Rxb8 Qa7+ 40. Kh2 Qxb8 41. Qd4 Kg8 42. Nd2 b3
43. Qb6 g5 44. Nxb3 gxf4 45. Bf3 Bg7 46. Nc5 Bxe5 47. Na6  1-0

[Event "IV Festival Internacional DUCHAMP in RIO Master - 7 a 14 dezembro - 15.000 USD"]
[Site "Hotel South American, Copacabana , Rio de Janeiro, RJ"]
[Date "2022.12.09"]
[Round "3"]
[Board "27"]
[White "Lage, Pedro Ferreira"]
[Black "Menezes, Grasielle Da Silv"]
[Result "1-0"]
[WhiteElo "2078"]
[BlackElo "1793"]
[PlyCount "61"]
[EventDate "2022.12.07"]
[EventRounds "9"]
[EventCountry "BRA"]

1. Nf3 Nf6 2. c4 c5 3. Nc3 g6 4. d4 cxd4 5. Nxd4 Nc6 6. e4 d6 7. Be3 Bg7 8. Be2 O-O
9. O-O Bd7 10. Qd2 Re8 11. f3 Nxd4 12. Bxd4 Bc6 13. b4 a6 14. a4 Rf8 15. Rfd1 Ne8
16. b5 axb5 17. cxb5 Bd7 18. Nd5 Be6 19. Nb6 Rb8 20. a5 Nc7 21. Rdb1 f5 22. a6 bxa6
23. bxa6 Na8 24. Bc4 Bxc4 25. Nxc4 Bxd4+ 26. Qxd4 Nc7 27. a7 Rxb1+ 28. Rxb1 Na6 29.
Nb6 Nc7 30. Nd5 e6 31. Rb8  1-0

[Event "IV Festival Internacional DUCHAMP in RIO Master - 7 a 14 dezembro - 15.000 USD"]
[Site "Hotel South American, Copacabana , Rio de Janeiro, RJ"]
[Date "2022.12.09"]
[Round "3"]
[Board "29"]
[White "Parijos De Melo, Luiz Claudio"]
[Black "Campos, Alexandre Ferreira"]
[Result "0-1"]
[WhiteElo "1753"]
[BlackElo "2034"]
[PlyCount "74"]
[EventDate "2022.12.07"]
[EventRounds "9"]
[EventCountry "BRA"]

1. e4 d6 2. d4 Nf6 3. Nc3 g6 4. Nf3 Bg7 5. Be2 c5 6. O-O cxd4 7. Nxd4 O-O 8. Be3
Nc6 9. h3 Bd7 10. Nb3 a6 11. a4 Rc8 12. f4 Na5 13. Nd2 Be6 14. Bd3 d5 15. e5 d4 16.
exf6 Bxf6 17. Nce4 dxe3 18. Nxf6+ exf6 19. Ne4 f5 20. Ng5 Bc4 21. Qe1 Bxd3 22. cxd3
Nb3 23. Ra3 Nd2 24. Qh4 h5 25. Re1 Qd4 26. Qg3 Rfe8 27. Kh1 Qxb2 28. Raa1 Qd4 29.
Nf3 Nxf3 30. Qxf3 Rc7 31. g4 hxg4 32. hxg4 fxg4 33. Qxg4 Qxd3 34. Rad1 Qe4+ 35. Kg1
e2 36. Rb1 Rc5 37. Rb2 Qd4+  0-1

[Event "IV Festival Internacional DUCHAMP in RIO Master - 7 a 14 dezembro - 15.000 USD"]
[Site "Hotel South American, Copacabana , Rio de Janeiro, RJ"]
[Date "2022.12.09"]
[Round "3"]
[Board "30"]
[White "Tamarozi, Isabelle"]
[Black "Mesquita, Arnaldo Leite"]
[Result "1-0"]
[WhiteElo "2005"]
[BlackElo "1732"]
[PlyCount "47"]
[EventDate "2022.12.07"]
[EventRounds "9"]
[EventCountry "BRA"]

1. e4 e5 2. Nf3 Nf6 3. d4 Nxe4 4. Bd3 d5 5. Nxe5 Be7 6. Nc3 Nf6 7. Bg5 c6 8. Qe2
O-O 9. O-O-O Be6 10. f4 h6 11. Bh4 Ne4 12. Bxe4 Bxh4 13. Bd3 Nd7 14. g3 Nxe5 15.
dxe5 Be7 16. f5 Bc8 17. h4 f6 18. e6 b5 19. Qg4 b4 20. Ne2 Qa5 21. Nf4 Re8 22. Nh5
g5 23. hxg5 fxg5 24. Qd4  1-0

[Event "IV Festival Internacional DUCHAMP in RIO Master - 7 a 14 dezembro - 15.000 USD"]
[Site "Hotel South American, Copacabana , Rio de Janeiro, RJ"]
[Date "2022.12.09"]
[Round "3"]
[Board "31"]
[White "Bezerra, Natacio Goncalves"]
[Black "Maia, Erick De Figueiredo"]
[Result "1-0"]
[WhiteElo "1988"]
[BlackElo "1727"]
[PlyCount "129"]
[EventDate "2022.12.07"]
[EventRounds "9"]
[EventCountry "BRA"]

1. e4 c5 2. Nf3 e6 3. g3 a6 4. Bg2 b5 5. O-O Bb7 6. Re1 d6 7. d4 cxd4 8. Nxd4 Qc7
9. a4 bxa4 10. c3 e5 11. Nf5 g6 12. Ne3 Nf6 13. Nd5 Nxd5 14. exd5 Bg7 15. Qxa4+ Nd7
16. Na3 O-O 17. Be3 f5 18. Nc2 Rab8 19. Qa5 Qc8 20. Nb4 f4 21. Bb6 Nxb6 22. Qxb6
fxg3 23. hxg3 Rf6 24. Re2 Qc4 25. Rae1 Qb5 26. Qxb5 axb5 27. Ra1 Ra8 28. Rxa8+ Bxa8
29. Re1 Rf8 30. Ra1 Bh6 31. Nc6 Bd2 32. Rd1 Bg5 33. Bf1 e4 34. Bxb5 e3 35. f4 Bf6
36. Re1 Re8 37. Re2 g5 38. Kg2 gxf4 39. gxf4 Bh4 40. Kf3 Bf2 41. Bc4 Bb7 42. Nb4
Bc8 43. Nd3 Rf8 44. Nxf2 exf2 45. Rxf2 Kf7 46. b3 h5 47. Ke3 Re8+ 48. Kd4 Bf5 49.
Bd3 Bg4 50. c4 Rb8 51. Kc3 Kf6 52. Be2 Kf5 53. Bd3+ Kf6 54. b4 Ra8 55. c5 h4 56.
c6 h3 57. b5 Ra3+ 58. Kd4 Rb3 59. Kc4 Ra3 60. b6 Ra4+ 61. Kb5 Ra3 62. Bc4 Ra1 63.
b7 Rb1+ 64. Ka6 Ra1+ 65. Kb6  1-0

[Event "IV Festival Internacional DUCHAMP in RIO Master - 7 a 14 dezembro - 15.000 USD"]
[Site "Hotel South American, Copacabana , Rio de Janeiro, RJ"]
[Date "2022.12.09"]
[Round "3"]
[Board "32"]
[White "De Almeida, Roberto A. Ferreira"]
[Black "Rothebarth, Ana Vitoria De Paula"]
[Result "0-1"]
[WhiteElo "1713"]
[BlackElo "1987"]
[PlyCount "124"]
[EventDate "2022.12.07"]
[EventRounds "9"]
[EventCountry "BRA"]

1. e4 e5 2. Nf3 Nc6 3. Bc4 Bc5 4. c3 Nf6 5. d4 exd4 6. cxd4 Bb4+ 7. Nc3 Nxe4 8. O-O
Bxc3 9. bxc3 O-O 10. Ba3 d6 11. Qc2 Ng5 12. Nxg5 Qxg5 13. f4 Qa5 14. Bb2 Bf5 15.
Qd2 d5 16. Bb3 Qb5 17. Rae1 Na5 18. Qd1 Nxb3 19. Qxb3 Qxb3 20. axb3 Bc2 21. Re7 Rac8
22. b4 Rfe8 23. Rfe1 Be4 24. Rxe8+ Rxe8 25. b5 f6 26. Re3 Kf7 27. Kf2 Re6 28. Ba3
Bc2 29. Bc5 b6 30. Ba3 Rxe3 31. Kxe3 Ba4 32. f5 Bxb5 33. g4 g6 34. h4 Bd7 35. fxg6+
Kxg6 36. Kf4 Bb5 37. Be7 Kf7 38. Bd8 c5 39. dxc5 bxc5 40. Bc7 Ke6 41. Bd8 Be2 42.
g5 fxg5+ 43. hxg5 Kd6 44. Ke3 Bc4 45. Kd2 Kc6 46. Kc2 Kb5 47. Kb2 a5 48. Bf6 Bd3
49. Kb3 a4+ 50. Ka3 Bc2 51. Kb2 Bb3 52. Bg7 Kc4 53. Bf6 Bd1 54. Bg7 Bh5 55. Bf6 Bg6
56. Bg7 Kd3 57. Bf6 d4 58. cxd4 cxd4 59. Ka3 Be8 60. Kb2 Ke3 61. Be7 d3 62. Bb4 Ke2
 0-1

[Event "IV Festival Internacional DUCHAMP in RIO Master - 7 a 14 dezembro - 15.000 USD"]
[Site "Hotel South American, Copacabana , Rio de Janeiro, RJ"]
[Date "2022.12.09"]
[Round "3"]
[Board "33"]
[White "Manzi, Luiz Antonio Bardaro"]
[Black "Hubner, Jessica Trindade"]
[Result "0-1"]
[WhiteElo "1984"]
[BlackElo "1706"]
[PlyCount "86"]
[EventDate "2022.12.07"]
[EventRounds "9"]
[EventCountry "BRA"]

1. Nf3 d5 2. d4 c5 3. c3 e6 4. g3 Nf6 5. Bg2 Nc6 6. O-O cxd4 7. cxd4 Be7 8. Nc3 O-O
9. e3 b6 10. Re1 Bb7 11. b3 Bb4 12. Bd2 Rc8 13. a3 Bxc3 14. Bxc3 Ne4 15. Bb2 f5 16.
Nd2 Na5 17. Nf3 Rf7 18. Ne5 Rfc7 19. Bxe4 fxe4 20. Qg4 Qf6 21. b4 Rc2 22. Re2 Nb3
23. Ra2 Ba6 24. Rxc2 Rxc2 25. Qf4 Qxf4 26. gxf4 Nd2 27. a4 Bc4 28. Ra3 Rxb2 29. b5
Nf3+ 30. Kg2 Nxe5 31. dxe5 Ra2 32. Rc3 Rxa4 33. f3 exf3+ 34. Kxf3 Ra5 35. e4 Rxb5
36. Kg4 Rb3 37. Rc2 Kf7 38. exd5 exd5 39. f5 Rb4 40. Rf2 Bd3+ 41. Kg5 h6+ 42. Kh5
Re4 43. e6+ Kf6  0-1

[Event "IV Festival Internacional DUCHAMP in RIO Master - 7 a 14 dezembro - 15.000 USD"]
[Site "Hotel South American, Copacabana , Rio de Janeiro, RJ"]
[Date "2022.12.09"]
[Round "3"]
[Board "34"]
[White "Da Silva, Camila Evaristo"]
[Black "Reichert, Thiago Da Cruz"]
[Result "1-0"]
[WhiteElo "1684"]
[BlackElo "1968"]
[PlyCount "87"]
[EventDate "2022.12.07"]
[EventRounds "9"]
[EventCountry "BRA"]

1. d4 Nf6 2. Bf4 e6 3. e3 b6 4. Nf3 Bb7 5. c4 Bb4+ 6. Nbd2 O-O 7. a3 Be7 8. h3 c5
9. Be2 Nc6 10. O-O cxd4 11. exd4 d5 12. Rc1 Rc8 13. c5 a5 14. Nb1 Ne4 15. Qb3 g5
16. Bh2 f5 17. Rcd1 f4 18. Nc3 Nxc3 19. bxc3 Rb8 20. cxb6 Qd6 21. Rb1 Bc8 22. Bd3
Bd8 23. Qc2 Rf7 24. Rfe1 Rg7 25. c4 dxc4 26. Qxc4 Rxb6 27. Rxb6 Bxb6 28. Bf5 Ne7
29. Bxe6+ Bxe6 30. Rxe6 Qd5 31. Qxd5 Nxd5 32. Rd6 Rc7 33. Kh1 Bxd4 34. Rxd5 Bxf2
35. Rxg5+ Kh8 36. Rxa5 Rc1+ 37. Bg1 Ra1 38. a4 Kg7 39. Ra8 h5 40. a5 h4 41. a6 Kh7
42. a7 Kg7 43. Rc8 Bxg1 44. a8=Q  1-0

[Event "IV Festival Internacional DUCHAMP in RIO Master - 7 a 14 dezembro - 15.000 USD"]
[Site "Hotel South American, Copacabana , Rio de Janeiro, RJ"]
[Date "2022.12.09"]
[Round "3"]
[Board "35"]
[White "Arruda Filho, Ivo Pereira De"]
[Black "Cordero, Daniela"]
[Result "0-1"]
[WhiteElo "1679"]
[BlackElo "1967"]
[PlyCount "116"]
[EventDate "2022.12.07"]
[EventRounds "9"]
[EventCountry "BRA"]

1. Nf3 Nf6 2. d4 g6 3. g3 Bg7 4. Bg2 O-O 5. O-O d6 6. Nbd2 Nbd7 7. e4 e5 8. c3 Qe7
9. Re1 c6 10. Qc2 a5 11. a4 Nb6 12. b3 Qc7 13. Bb2 c5 14. d5 Nh5 15. c4 f5 16. exf5
gxf5 17. Nh4 Qf7 18. Ndf3 h6 19. h3 Bd7 20. Rad1 Nc8 21. Re2 Ne7 22. Rde1 Rae8 23.
Kh2 Kh8 24. Bc3 b6 25. Qb2 Nf6 26. Bxe5 dxe5 27. Nxe5 Qh5 28. d6 Neg8 29. Nhg6+ Kh7
30. Bf3 Ng4+ 31. Kg2 Qxg6 32. Nxg6 Bxb2 33. Nxf8+ Rxf8 34. hxg4 Bf6 35. gxf5 Bxf5
36. g4 Bd7 37. Be4+ Kg7 38. f3 Bc3 39. Bd5 Bxe1 40. Rxe1 Kf6 41. Kg3 Kg7 42. f4 Re8
43. Rxe8 Bxe8 44. Be6 Nf6 45. f5 Ne4+ 46. Kf4 Nxd6 47. Ke5 Nf7+ 48. Bxf7 Kxf7 49.
Kd6 Kf6 50. Kc7 Kg5 51. Kd8 Bf7 52. Ke7 Bg8 53. Kd6 Kxg4 54. Kc6 h5 55. Kxb6 h4 56.
Kxa5 h3 57. Kb6 h2 58. a5 h1=Q  0-1

[Event "IV Festival Internacional DUCHAMP in RIO Master - 7 a 14 dezembro - 15.000 USD"]
[Site "Hotel South American, Copacabana , Rio de Janeiro, RJ"]
[Date "2022.12.09"]
[Round "3"]
[Board "36"]
[White "Sandrim Juliao, Tais"]
[Black "Meza, Anahi"]
[Result "1/2-1/2"]
[WhiteElo "1669"]
[BlackElo "1965"]
[PlyCount "120"]
[EventDate "2022.12.07"]
[EventRounds "9"]
[EventCountry "BRA"]

1. d4 f5 2. Nf3 Nf6 3. c4 g6 4. Nc3 Bg7 5. Qb3 d6 6. Bg5 O-O 7. e3 Kh8 8. Be2 c6
9. h4 h6 10. Bxf6 Bxf6 11. O-O-O Qa5 12. Ng5 Kg7 13. Nf3 c5 14. h5 g5 15. Qc2 Nc6
16. a3 Kh8 17. g4 cxd4 18. Nxd4 Bg7 19. Nd5 Nxd4 20. exd4 e5 21. Ne7 Rf7 22. Ng6+
Kg8 23. dxe5 dxe5 24. Rd5 Qc7 25. Rhd1 Bd7 26. Qd2 Bc6 27. Rd6 Re8 28. c5 Ba4 29.
Bc4 Bxd1 30. Bxf7+ Qxf7 31. Kxd1 Qb3+ 32. Ke1 e4 33. Rd8 Rxd8 34. Qxd8+ Kh7 35. Qd7
Qxb2 36. gxf5 Qc3+ 37. Kf1 Qd3+ 38. Qxd3 exd3 39. Ke1 Bc3+ 40. Kd1 Kg7 41. Ne7 Kf7
42. Nc8 Kf6 43. Nd6 Bd4 44. Nxb7 Kxf5 45. Kd2 Ke4 46. c6 Bb6 47. Nd6+ Kd5 48. Nf7
Kxc6 49. Nxh6 Kd5 50. Kxd3 Bxf2 51. Ng4 Bd4 52. h6 Bh8 53. h7 Ke6 54. Ke4 a6 55.
a4 a5 56. Ne3 Kf6 57. Nc4 Kg6 58. Nxa5 Kxh7 59. Kf5 Kh6 60. Kg4 Bc3  1/2-1/2

[Event "IV Festival Internacional DUCHAMP in RIO Master - 7 a 14 dezembro - 15.000 USD"]
[Site "Hotel South American, Copacabana , Rio de Janeiro, RJ"]
[Date "2022.12.09"]
[Round "3"]
[Board "37"]
[White "Okamura, Milton Kasuo"]
[Black "Machado, Wallace Fernandes"]
[Result "1-0"]
[WhiteElo "1964"]
[BlackElo "1669"]
[PlyCount "83"]
[EventDate "2022.12.07"]
[EventRounds "9"]
[EventCountry "BRA"]

1. d4 d5 2. c4 c6 3. Nf3 Nf6 4. Nc3 dxc4 5. a4 Bf5 6. e3 Nbd7 7. Bxc4 e6 8. O-O Be7
9. Qe2 Nb6 10. Bb3 h6 11. e4 Bg6 12. h3 O-O 13. Bf4 Re8 14. Rfd1 Bb4 15. Bc2 Rc8
16. Ne5 Bh7 17. a5 Na8 18. Nc4 Nc7 19. Ra4 Bf8 20. Ne5 Na6 21. g4 Nd7 22. Nc4 Ndb8
23. Bg3 g5 24. Qf3 f6 25. Bb3 Kg7 26. Kg2 Nc7 27. h4 Nb5 28. Ne2 Nd6 29. Nxd6 Bxd6
30. hxg5 hxg5 31. Qe3 Qd7 32. e5 Be7 33. exf6+ Bxf6 34. Be5 Qf7 35. Qxg5+ Bg6 36.
Nf4 Bxe5 37. dxe5 Re7 38. Bc2 Rd7 39. Rad4 Rcd8 40. Rxd7 Rxd7 41. Rxd7 Nxd7 42. Bxg6
 1-0

[Event "IV Festival Internacional DUCHAMP in RIO Master - 7 a 14 dezembro - 15.000 USD"]
[Site "Hotel South American, Copacabana , Rio de Janeiro, RJ"]
[Date "2022.12.09"]
[Round "3"]
[Board "38"]
[White "Felizes, Paulo"]
[Black "Motta, Vinicius Araujo Dias B."]
[Result "1-0"]
[WhiteElo "1916"]
[BlackElo "1580"]
[PlyCount "53"]
[EventDate "2022.12.07"]
[EventRounds "9"]
[EventCountry "BRA"]

1. d4 Nf6 2. Bg5 e6 3. e4 Be7 4. Bd3 h6 5. Bxf6 Bxf6 6. e5 Be7 7. Qg4 O-O 8. Ne2
c5 9. Nf4 Qa5+ 10. Nd2 cxd4 11. O-O-O Qxe5 12. Nf3 Qa5 13. Nh5 Bg5+ 14. Kb1 f5 15.
Qg3 f4 16. Qg4 Nc6 17. h4 Nb4 18. hxg5 Qxa2+ 19. Kc1 Nxd3+ 20. Rxd3 Qa1+ 21. Kd2
Qa5+ 22. Ke2 hxg5 23. Nxg7 Kxg7 24. Rh5 Rf5 25. Nxg5 Kf6 26. Ne4+ Ke5 27. Qg7+  1-0

[Event "IV Festival Internacional DUCHAMP in RIO Master - 7 a 14 dezembro - 15.000 USD"]
[Site "Hotel South American, Copacabana , Rio de Janeiro, RJ"]
[Date "2022.12.09"]
[Round "3"]
[Board "39"]
[White "Borensztajn, David"]
[Black "Ramos, Angelo Bil"]
[Result "0-1"]
[WhiteElo "1555"]
[BlackElo "1912"]
[PlyCount "104"]
[EventDate "2022.12.07"]
[EventRounds "9"]
[EventCountry "BRA"]

1. d4 Nf6 2. Nf3 g6 3. Nc3 Bg7 4. e4 O-O 5. e5 Ne8 6. Bf4 d6 7. Qd2 Nc6 8. O-O-O
Bg4 9. Be2 d5 10. h3 Bc8 11. Bh6 f6 12. h4 Bf5 13. a3 e6 14. Bxg7 Nxg7 15. h5 gxh5
16. Nh4 fxe5 17. Nxf5 Rxf5 18. dxe5 Nxe5 19. Qd4 b6 20. Kb1 c5 21. Qd2 Qf6 22. f3
Rf8 23. Rdf1 Rf4 24. Rh3 Nc4 25. Bxc4 Rxc4 26. Rfh1 a6 27. g4 Rf4 28. gxh5 Rxf3 29.
Ka2 Rxh3 30. Rxh3 Qf5 31. Qg2 Qf1 32. Qg4 Qf4 33. Qg2 Qc4+ 34. b3 Qf1 35. Qg4 Rf4
36. Qg5 Qxh3 37. Qxf4 Qxc3 38. Qb8+ Kf7 39. Qf4+ Qf6 40. Qc7+ Qe7 41. Qf4+ Nf5 42.
Qb8 b5 43. Qh8 Qf8 44. Qe5 b4 45. axb4 cxb4 46. Qc7+ Qe7 47. Qb6 Qd6 48. Qa7+ Qe7
49. Qxa6 Qc7 50. Qe2 Qc3 51. Kb1 Kf6 52. Qf2 d4  0-1

[Event "IV Festival Internacional DUCHAMP in RIO Master - 7 a 14 dezembro - 15.000 USD"]
[Site "Hotel South American, Copacabana , Rio de Janeiro, RJ"]
[Date "2022.12.09"]
[Round "3"]
[Board "40"]
[White "Pereira Fo, Hildebrando Apolonio"]
[Black "De Souza Monteiro, Marcos Paulo"]
[Result "1-0"]
[WhiteElo "1530"]
[BlackElo "1885"]
[PlyCount "60"]
[EventDate "2022.12.07"]
[EventRounds "9"]
[EventCountry "BRA"]

1. c4 Nf6 2. Nf3 e6 3. Nc3 Be7 4. d4 b6 5. g3 Bb7 6. Bg2 O-O 7. O-O d5 8. Ne5 c6
9. Bf4 Nbd7 10. Qa4 Nxe5 11. dxe5 Nd7 12. cxd5 exd5 13. g4 Nc5 14. Qc2 Qd7 15. h3
Rad8 16. Rad1 Qc8 17. e3 Ba6 18. Rfe1 Ne6 19. Bg3 d4 20. exd4 Nxd4 21. Qe4 c5 22.
Nd5 Qd7 23. f4 Bc4 24. Nc3 f5 25. exf6 Rxf6 26. b3 Ba6 27. Nd5 Bb7 28. Nxe7+ Qxe7
29. Qxb7 Qf8 30. Kh2 Kh8  1-0

[Event "IV Festival Internacional DUCHAMP in RIO Master - 7 a 14 dezembro - 15.000 USD"]
[Site "Hotel South American, Copacabana , Rio de Janeiro, RJ"]
[Date "2022.12.09"]
[Round "3"]
[Board "41"]
[White "Martins De Aguiar, Marina"]
[Black "Gomes, Carlos"]
[Result "1/2-1/2"]
[WhiteElo "1877"]
[BlackElo "1566"]
[PlyCount "80"]
[EventDate "2022.12.07"]
[EventRounds "9"]
[EventCountry "BRA"]

1. e4 e5 2. d4 exd4 3. Qxd4 Nc6 4. Qe3 d6 5. Nc3 Nf6 6. Bd2 Bd7 7. O-O-O Qe7 8. Nb5
Qd8 9. f4 a6 10. Nd4 Qe7 11. Nxc6 Bxc6 12. e5 dxe5 13. fxe5 Nd5 14. Qb3 O-O-O 15.
Nf3 h6 16. Bc4 b5 17. Bd3 Nb6 18. Rhe1 Bd5 19. Qc3 b4 20. Bxa6+ Kb8 21. Qe3 Qc5 22.
Qxc5 Bxc5 23. Kb1 Rhe8 24. Bc1 c6 25. Bd3 Nd7 26. Bf4 Kb7 27. Bf5 Nb6 28. b3 Nc8
29. Kb2 Na7 30. Bd3 g5 31. Be3 Bxe3 32. Rxe3 f6 33. Rde1 Bxf3 34. gxf3 Rxe5 35. Rxe5
fxe5 36. Rxe5 Rd6 37. Re7+ Kb6 38. Re8 Kc7 39. Re7+ Kb6 40. Re8 Kc7  1/2-1/2

[Event "IV Festival Internacional DUCHAMP in RIO Master - 7 a 14 dezembro - 15.000 USD"]
[Site "Hotel South American, Copacabana , Rio de Janeiro, RJ"]
[Date "2022.12.09"]
[Round "3"]
[Board "42"]
[White "Moccero, Eduardo"]
[Black "Pessoa, Vitor Henrique Leopoldino"]
[Result "1/2-1/2"]
[WhiteElo "1870"]
[BlackElo "1358"]
[PlyCount "52"]
[EventDate "2022.12.07"]
[EventRounds "9"]
[EventCountry "BRA"]

1. d4 Nf6 2. Nf3 g6 3. c4 Bg7 4. Nc3 d5 5. e3 O-O 6. b3 c5 7. Be2 Nc6 8. O-O Bg4
9. cxd5 Nxd5 10. Bb2 Nxc3 11. Bxc3 Bxf3 12. Bxf3 cxd4 13. exd4 Bxd4 14. Bxd4 Nxd4
15. Bxb7 Rb8 16. Ba6 Qb6 17. Bc4 e5 18. Re1 Rfe8 19. Re4 Rbd8 20. Qg4 Kg7 21. Qg3
f6 22. h3 Qc5 23. a4 Qb6 24. Qe3 Rc8 25. Qd3 Rb8 26. Re3 Red8  1/2-1/2

[Event "IV Festival Internacional DUCHAMP in RIO Master - 7 a 14 dezembro - 15.000 USD"]
[Site "Hotel South American, Copacabana , Rio de Janeiro, RJ"]
[Date "2022.12.09"]
[Round "3"]
[Board "45"]
[White "Zhong, Lanxin"]
[Black "Feller, Gabriela Luisa Vicente"]
[Result "1/2-1/2"]
[WhiteElo "1333"]
[BlackElo "1907"]
[PlyCount "129"]
[EventDate "2022.12.07"]
[EventRounds "9"]
[EventCountry "BRA"]

1. e4 c6 2. d4 d5 3. exd5 cxd5 4. c4 Nf6 5. Nc3 e6 6. Nf3 Be7 7. cxd5 Nxd5 8. Nxd5
Qxd5 9. Bd3 Nc6 10. O-O O-O 11. b3 Bf6 12. Be3 g6 13. Bc4 Qd7 14. Qd2 Rd8 15. Rad1
Ne7 16. Rfe1 a6 17. Bd3 Nd5 18. Bg5 b5 19. Be4 Bb7 20. Bxf6 Nxf6 21. Bxb7 Qxb7 22.
Qh6 Rd5 23. Qh4 Kg7 24. Re5 Rad8 25. Rde1 Qc7 26. g3 h6 27. Qf4 Qa5 28. Rxd5 Rxd5
29. Re2 Qc3 30. Qe3 Qxe3 31. fxe3 Ne4 32. Rc2 b4 33. Kf1 Rf5 34. Kg2 Nc3 35. Ne5
h5 36. Nc6 a5 37. Ne5 f6 38. Nf3 Rd5 39. Ng1 e5 40. Nf3 Kf7 41. dxe5 fxe5 42. Nd2
Ke6 43. Kf3 g5 44. h3 Kd6 45. Ne4+ Nxe4 46. Kxe4 Rd1 47. Rh2 Rf1 48. Rd2+ Ke6 49.
Rd5 Rh1 50. Rxe5+ Kf6 51. h4 gxh4 52. Rxh5 Ra1 53. Rf5+ Kg6 54. gxh4 Rxa2 55. Rg5+
Kf6 56. Kd3 a4 57. bxa4 Rxa4 58. Kc4 b3+ 59. Kxb3 Rxh4 60. Rg1 Rh3 61. Re1 Ke5 62.
Kc3 Ke4 63. Kd2 Rh2+ 64. Re2 Rxe2+ 65. Kxe2  1/2-1/2

[Event "IV Festival Internacional DUCHAMP in RIO Master - 7 a 14 dezembro - 15.000 USD"]
[Site "Hotel South American, Copacabana , Rio de Janeiro, RJ"]
[Date "2022.12.09"]
[Round "3"]
[Board "47"]
[White "Campagnolo, Bruna"]
[Black "Ribeiro, Regina"]
[Result "1-0"]
[WhiteElo "1535"]
[BlackElo "1852"]
[PlyCount "79"]
[EventDate "2022.12.07"]
[EventRounds "9"]
[EventCountry "BRA"]

1. e4 c6 2. d4 d5 3. exd5 cxd5 4. Bd3 Nf6 5. c3 Nc6 6. Bf4 Bg4 7. Ne2 e6 8. O-O Bd6
9. f3 Bh5 10. Na3 a6 11. Nc2 Bg6 12. Bxg6 hxg6 13. Qd2 Nh5 14. Bxd6 Qxd6 15. f4 Nf6
16. Ne3 Ne4 17. Qd3 f5 18. c4 g5 19. cxd5 exd5 20. Nxf5 Qg6 21. fxg5 Qxg5 22. Nc3
O-O 23. Nxe4 dxe4 24. Qxe4 Rae8 25. Qd3 b5 26. Rf3 Na5 27. Raf1 g6 28. h4 Qd8 29.
Nh6+ Kg7 30. Rxf8 Rxf8 31. Rxf8 Qxf8 32. Ng4 Qb4 33. Qc3 Qa4 34. d5+ Kg8 35. Qc8+
Kf7 36. Qe6+ Kf8 37. d6 Qd4+ 38. Kh1 Qxb2 39. Qe7+ Kg8 40. Nf6+  1-0

[Event "IV Festival Internacional DUCHAMP in RIO Master - 7 a 14 dezembro - 15.000 USD"]
[Site "Hotel South American, Copacabana , Rio de Janeiro, RJ"]
[Date "2022.12.09"]
[Round "3"]
[Board "49"]
[White "Bokhonok, Tatiana Dos Santos Spineva"]
[Black "Lopes, Eduardo Moraes"]
[Result "0-1"]
[WhiteElo "1482"]
[BlackElo "1744"]
[PlyCount "66"]
[EventDate "2022.12.07"]
[EventRounds "9"]
[EventCountry "BRA"]

1. d4 d5 2. c4 e6 3. Nc3 Nf6 4. Nf3 Be7 5. Bg5 O-O 6. e3 h6 7. Bh4 b6 8. cxd5 Nxd5
9. Bxe7 Qxe7 10. Nxd5 exd5 11. Bd3 Be6 12. O-O Nd7 13. Rc1 c5 14. Qc2 c4 15. Bf5
b5 16. Rfe1 Rfe8 17. e4 Bxf5 18. exf5 Qf6 19. g4 Kf8 20. Qd2 Re4 21. Rxe4 dxe4 22.
Ne1 Qd6 23. Nc2 Ne5 24. Qb4 Qxb4 25. Nxb4 Nd3 26. Nxd3 exd3 27. f3 Re8 28. Rd1 Re2
29. Kf1 Rxb2 30. a4 bxa4 31. Ke1 a3 32. Ra1 a2 33. Kd1 Rb1+  0-1

[Event "IV Festival Internacional DUCHAMP in RIO Master - 7 a 14 dezembro - 15.000 USD"]
[Site "Hotel South American, Copacabana , Rio de Janeiro, RJ"]
[Date "2022.12.09"]
[Round "3"]
[Board "50"]
[White "Campagnolo, Fabiola"]
[Black "Santos, Julio Domingues"]
[Result "1-0"]
[WhiteElo "1663"]
[BlackElo "1437"]
[PlyCount "67"]
[EventDate "2022.12.07"]
[EventRounds "9"]
[EventCountry "BRA"]

1. e4 c5 2. Nf3 e6 3. d3 Nc6 4. g3 Bd6 5. Bg2 Qc7 6. Nc3 a6 7. a4 Nge7 8. O-O O-O
9. d4 cxd4 10. Nxd4 Ne5 11. f4 N5g6 12. e5 Bc5 13. Kh1 Rd8 14. Nb3 Ba7 15. Ne4 Rb8
16. c3 Nd5 17. Qe2 b6 18. Nd6 f6 19. Nd4 Rf8 20. Bd2 Bb7 21. Nc2 a5 22. Nb5 Bc6 23.
Ncd4 Rbd8 24. c4 Bxb5 25. Nxb5 Qb8 26. cxd5 exd5 27. Bxd5+ Kh8 28. exf6 Rxf6 29.
Bc3 Re8 30. Qd3 Rff8 31. Qd4 Re7 32. Rae1 Rfe8 33. Nxa7 Qxa7 34. Qxg7+  1-0